| 000 | 00845cab a2200229 4500 | ||
|---|---|---|---|
| 001 | WB2843-39 | ||
| 008 | 090401t1992 xxu||||| |||| 00| 0 eng d | ||
| 035 | _a(Sirsi) u55336 | ||
| 041 | _aeng | ||
| 245 | _aLandlord`s term too vague | ||
| 260 | _c1992 | ||
| 350 | _a0 | ||
| 490 |
_aTimes _v3 November 1992, 35(1) |
||
| 520 | _a"Gray v Brown" CA 3 November 1992. It was held that the landlord`s vague terms in the tenancy did not make it clear that he reserved the right to move into the property himself and share facilities; therefore the tenancy was protected, coming under Rent Act 1977 s22. | ||
| 650 | _aPROTECTED TENANCIES | ||
| 650 | _aRENT ACT 1977 S21 | ||
| 650 | _aRENT ACT 1977 S22 | ||
| 650 | _aSHARED ACCOMMODATION | ||
| 690 | _aLANDLORD AND TENANT-CASE LAW-RESIDENTIAL TENANCIES | ||
| 942 | _n0 | ||
| 948 | _c04/03/1997 | ||
| 999 |
_c33799 _d33799 |
||